LEADER 01234nam--2200337---450- 001 990006009520203316 005 20150219160901.0 035 $a000600952 035 $aUSA01000600952 035 $a(ALEPH)000600952USA01 035 $a000600952 100 $a20150219d1983----km-y0itay50------ba 101 $aita 102 $aIT 105 $aa---||||001yy 200 1 $aCaratteri tecnologici della ricostruzione settecentesca nella Sicilia sud-orientale$fCorrado Fianchino 210 $aCatania$cI.D.A.U.$d1983 215 $a106 p.$cill.$d29 cm 225 2 $aDocumenti dell'Istituto dipartimentale di architettura e urbanistica dell'Universitą di Catania$v7 410 0$12001$aDocumenti dell'Istituto dipartimentale di architettura e urbanistica dell'Universitą di Catania 606 0 $aArchitettura$xRestauro$ySicilia$zSec. 17.$2BNCF 676 $a720.9458 700 1$aFIANCHINO,$bCorrado$023717 801 0$aIT$bsalbc$gISBD 912 $a990006009520203316 951 $a720.945 FIA$b446 Crd.$c720.945$d00330570 959 $aBK 969 $aCRD 979 $aPAOLA$b90$c20150219$lUSA01$h1609 996 $aCaratteri tecnologici della ricostruzione settecentesca nella Sicilia sud-orientale$91079095 997 $aUNISA LEADER 01114nam 2200397 450 001 9910793076803321 005 20230809224704.0 010 $a1-4232-3488-X 035 $a(CKB)3710000001404131 035 $a(MiAaPQ)EBC4877028 035 $a(Au-PeEL)EBL4877028 035 $a(CaPaEBR)ebr11397710 035 $a(OCoLC)990741406 035 $a(EXLCZ)993710000001404131 100 $a20190123d2017 uy 0 101 0 $aeng 135 $aurcnu|||||||| 181 $ctxt$2rdacontent 182 $cc$2rdamedia 183 $acr$2rdacarrier 200 10$aBiochemistry 2 /$fauthor, Frank Miskevich, PhD 210 1$a[Place of publication not identified] :$cBarCharts, Inc.,$d[2017] 210 4$d©2017 215 $a1 online resource (6 pages) $cillustrations 311 $a1-4232-3325-5 606 $aChemistry$vOutlines, syllabi, etc 615 0$aChemistry 676 $a540.76 700 $aMiskevich$b Frank$01477663 801 0$bMiAaPQ 801 1$bMiAaPQ 801 2$bMiAaPQ 906 $aBOOK 912 $a9910793076803321 996 $aBiochemistry 2$93692954 997 $aUNINA LEADER 02577nam 2200553Ia 450 001 9910955650903321 005 20251116221344.0 010 $a1-60741-419-8 035 $a(CKB)2560000000071093 035 $a(EBL)3018570 035 $a(SSID)ssj0000473393 035 $a(PQKBManifestationID)11322191 035 $a(PQKBTitleCode)TC0000473393 035 $a(PQKBWorkID)10447886 035 $a(PQKB)10505376 035 $a(MiAaPQ)EBC3018570 035 $a(Au-PeEL)EBL3018570 035 $a(CaPaEBR)ebr10660431 035 $a(OCoLC)703155077 035 $a(BIP)23317772 035 $a(EXLCZ)992560000000071093 100 $a20090806d2009 uy 0 101 0 $aeng 135 $aur|n|---||||| 181 $ctxt 182 $cc 183 $acr 200 00$aStabilization and modification of cellulose diacetate /$fFarukh Fatehovich Niyazi ... [et al.] 205 $a1st ed. 210 $aNew York $cNova Science Publishers$dc2009 215 $a1 online resource (90 p.) 300 $a"Novinka." 300 $aIncludes index. 311 08$a1-60692-002-2 327 $aIntro -- STABILIZATIONAND MODIFICATION OFCELLULOSE DIACETATE -- STABILIZATION AND MODIFICATION OF CELLULOSE DIACETATE -- CONTENTS -- MODERN STATE OF INVESTIGATIONSOF PHOTOCHEMICAL DESTRUCTION OF CDA -- ABOUT THE MECHANISM OFPHOTOOXIDATIVE DESTRUCTIONOF CELLULOSE ACETATE -- KINETICS OF RADICALS ACCUMULATION -- KINETIC REGULARITIES OF CDAPHOTOOXIDATION -- LIGHT STABILIZATION OF CDA BYHEXAAZOCYCLANES -- LIGHT STABILIZATION OF CDA BYPOLYCONJUGATED AZOMETHINECOMPOUNDS -- LIGHT STABILIZATION OF CDA BYNITROGEN AND SULPHURCONTAINING AROMATIC COMPOUNDS -- STABILIZING BY MEANS OF CHEMICALMODIFICATION OF CDA -- THERMO- AND PHOTOOXIDATIVEDESTRUCTION OF DYEDPOLYVINYL - ALCOHOL FIBRES -- INDEX. 330 $aCellulose and its derivatives - cellulose acetate - are renewed polymers. There are many data about the nature of free-radical particles, being formed at irradiation of cellulose by ultraviolet light. This title presents main types of macroradicals, with indication of atom and groups of atoms after removal of which these macroradicals are formed. 606 $aCellulose acetate 606 $aCellulose$xBiodegradation 615 0$aCellulose acetate. 615 0$aCellulose$xBiodegradation. 676 $a677/.464 701 $aNiyazi$b F$0648107 801 0$bMiAaPQ 801 1$bMiAaPQ 801 2$bMiAaPQ 906 $aBOOK 912 $a9910955650903321 996 $aStabilization and modification of cellulose diacetate$94475783 997 $aUNINA